Countries of Europe in The New Order on a Map - Statistics

General Stats
  • This quiz has been taken 421 times
    258 since last reset
  • The average score is 34 of 43
Answers on the Map
Answers color-coded by a green-red scale on the quiz's map according to % correct below.
 
Answer Stats
Flag Answer % Correct
France
98%
Germany
98%
Italy
98%
United Kingdom
98%
Finland
97%
Ireland
97%
Norway
97%
Bulgaria
96%
Greece
96%
Hungary
96%
Reichskommissariat Ukraine
96%
Serbia
96%
Sweden
96%
Turkey
96%
Albania
95%
Denmark
95%
Iceland
95%
Monaco
95%
Reichskommissariat Niederlande
95%
Romania
95%
San Marino
95%
Switzerland
95%
Vatican City
95%
Andorra
94%
Croatia
94%
Montenegro
93%
Slovakia
93%
Iberian Union
92%
General Government
87%
Reichskommissariat Moskowien
78%
Faroe Islands
77%
Reichskommissariat Kaukasien
72%
Burgundy
64%
Reichskommissariat Ostland
64%
Kazakhstan
55%
Komi
41%
Tatarstan
37%
West Russian Revolutionary Front
33%
Onega
32%
Vologda
30%
Gorky
28%
Vyatka
27%
Committee for the Liberation of the Peoples of Russia
13%
No matching quizzes found
Score Distribution
Percent of People with Each Score
Percentile by Number Answered
Your Score History
You have not taken this quiz since the last reset